000 00232nam a22001097a 4500
082 _aSHA
100 _aSharif Ali M
245 _aIdeological orientation of Pakistan
260 _bQuaid-I- Azam
_c1976
300 _a182
942 _cBK
999 _c12076
_d12076